|
|
|
|
| LEADER |
01136nam a2200349 4500 |
| 001 |
DLU100110983 |
| 005 |
##20100825 |
| 040 |
# |
# |
|a DLU
|b vie
|
| 041 |
# |
# |
|a vie
|
| 044 |
# |
# |
|a vn
|
| 082 |
# |
# |
|a 340.1
|b LE-T
|
| 100 |
# |
# |
|a Lê Minh Tâm,
|c GS.TS.
|
| 245 |
# |
# |
|a Giáo trình lý luận nhà nước và pháp luật /
|c Lê Minh Tâm, Lê Hồng Hạnh, Nguyễn Minh Đoan.
|
| 260 |
# |
# |
|a H. :
|b Công an Nhân dân,
|c 2009.
|
| 300 |
# |
# |
|a 575 tr. ;
|c 21 cm.
|
| 505 |
# |
# |
|a Phần một. Những khái niệm chung -- Phần hai. Các kiểu nhà nước và pháp luật chiếm hữu nô lệ, phong kiến và tư sản -- Phần ba. Nhà nước Xã hội Chủ nghĩa -- Phần bốn. Pháp luật xã hội chủ nghĩa.
|
| 653 |
# |
# |
|a Giáo trình
|
| 653 |
# |
# |
|a Nhà nước pháp quyền
|
| 700 |
# |
# |
|a Lê Hồng Hạnh,
|c GS.TS.
|
| 700 |
# |
# |
|a Nguyễn Minh Đoan,
|c TS.
|
| 923 |
# |
# |
|a 06/2010
|
| 991 |
# |
# |
|a GT
|
| 992 |
# |
# |
|a 58000
|
| 994 |
# |
# |
|a DLU
|
| 900 |
# |
# |
|a True
|
| 911 |
# |
# |
|a Đào Thị Thu Huyền
|
| 925 |
# |
# |
|a G
|
| 926 |
# |
# |
|a A
|
| 927 |
# |
# |
|a SH
|
| 980 |
# |
# |
|a Thư viện Trường Đại học Đà Lạt
|